All Administrative Divisions of Countries Pt. 8 - Statistics

General Stats
  • This quiz has been taken 16 times
  • The average score is 78 of 408
Answer Stats
Country Answer % Correct
The United States of America Alaska
82%
The United States of America | Uruguay Florida
82%
The United States of America Hawaii
82%
Ukraine Kiev
82%
The United States of America Nevada
82%
The United States of America Texas
82%
The United States of America Arkansas
73%
The United States of America California
73%
The United States of America Delaware
73%
The United States of America Guam
73%
The United States of America Kansas
73%
The United States of America Minnesota
73%
The United States of America Mississippi
73%
The United States of America Montana
73%
The United States of America North Carolina
73%
The United States of America North Dakota
73%
Ukraine Odessa
73%
The United States of America Ohio
73%
The United States of America Oklahoma
73%
The United States of America Oregon
73%
The United States of America South Carolina
73%
The United States of America South Dakota
73%
The United States of America Vermont
73%
The United States of America Washington
73%
The United States of America Washington D.C.
73%
The United States of America Alabama
64%
The United States of America Arizona
64%
The United States of America Colorado
64%
Ukraine Crimea
64%
Ukraine Dnipropetrovsk
64%
The United States of America Georgia
64%
The United States of America Idaho
64%
The United States of America Indiana
64%
The United States of America Iowa
64%
United Kingdom Isle of Man
64%
Ukraine Kharkiv
64%
The United States of America Louisiana
64%
The United States of America Maine
64%
The United States of America Maryland
64%
The United States of America Michigan
64%
The United States of America Missouri
64%
The United States of America New Hampshire
64%
The United States of America New Mexico
64%
The United States of America New York
64%
Zambia Northern
64%
The United States of America Pennsylvania
64%
The United States of America Puerto Rico
64%
The United States of America Rhode Island
64%
Ukraine Sevastopol
64%
The United States of America Utah
64%
The United States of America Virginia
64%
The United States of America West Virginia
64%
The United States of America Wyoming
64%
United Arab Emirates Abu Dhabi
55%
The United States of America American Samoa
55%
The United States of America Connecticut
55%
Ukraine Donetsk
55%
United Arab Emirates Dubai
55%
The United States of America Illinois
55%
The United States of America Kentucky
55%
United Kingdom London
55%
The United States of America Massachusetts
55%
The United States of America Nebraska
55%
United Kingdom Northern Ireland
55%
United Kingdom Scotland
55%
The United States of America Tennessee
55%
The United States of America Virgin Islands
55%
United Kingdom Wales
55%
The United States of America Wisconsin
55%
United Kingdom Cayman Islands
45%
Zambia Central
45%
Ukraine Chernihiv
45%
Zambia Eastern
45%
Vietnam Hô Chí Minh City
45%
United Kingdom Jersey
45%
Ukraine Kherson
45%
Ukraine Luhansk
45%
Ukraine Lviv
45%
The United States of America New Jersey
45%
The United States of America Northern Mariana Islands
45%
United Kingdom North West
45%
Zambia Southern
45%
United Kingdom South West
45%
Zambia Western
45%
Ukraine Zaporizhia
45%
Ukraine Cherkasy
36%
Ukraine Chernivtsi
36%
United Kingdom Guernsey
36%
Uruguay Montevideo
36%
United Kingdom North East
36%
Zambia North-Western
36%
Yemen Sana'a
36%
United Arab Emirates Sharjah
36%
Ukraine Zakarpattia
36%
Ukraine Zhytomyr
36%
United Arab Emirates Ajman
27%
Venezuela Amazonas
27%
United Kingdom Bermuda
27%
United Kingdom British Virgin Islands
27%
United Arab Emirates Fujairah
27%
United Kingdom Gibraltar
27%
Ukraine Ivano-Frankivsk
27%
Uganda Kampala
27%
Ukraine Khmelnytskyi
27%
Ukraine Kiev Oblast
27%
Ukraine Kirovohrad
27%
Zambia Lusaka
27%
Zimbabwe Midlands
27%
Ukraine Mykolaiv
27%
Ukraine Poltava
27%
United Arab Emirates Ras Al Khaimah
27%
Ukraine Rivne
27%
United Kingdom South East
27%
Ukraine Sumy
27%
Ukraine Ternopil
27%
United Arab Emirates Umm Al Quwain
27%
Ukraine Vinnytsia
27%
Ukraine Volyn
27%
Yemen Aden
18%
United Kingdom Akrotiri and Dhekelia
18%
United Kingdom Anguilla
18%
Uganda Apac
18%
The United States of America Baker Island
18%
Venezuela Caracas
18%
United Kingdom East Midlands
18%
United Kingdom East of England
18%
United Kingdom Falkland Islands
18%
Zimbabwe Harare
18%
The United States of America Jarvis Island
18%
United Kingdom Montserrat
18%
Venezuela Nueva Esparta
18%
United Kingdom West Midlands
18%
United Kingdom Yorkshire and the Humber
18%
Uganda Abim
9%
Uganda Adjumani
9%
Uganda Agago
9%
Uganda Alebtong
9%
Yemen Al Hudaydah
9%
Uganda Amolatar
9%
Uganda Amudat
9%
Uganda Amuria
9%
Uganda Amuru
9%
Venezuela Anzoátegui
9%
Uganda Arua
9%
United Kingdom British Indian Ocean Territory
9%
Uganda Budaka
9%
Uganda Bududa
9%
Uganda Bugiri
9%
Uganda Buhweju
9%
Uganda Buikwe
9%
Uganda Bukedea
9%
Uzbekistan Bukhara
9%
Uganda Bukomansimbi
9%
Uganda Bukwa
9%
Uganda Bulambuli
9%
Uganda Buliisa
9%
Uganda Bundibugyo
9%
Uganda Bushenyi
9%
Uganda Busia
9%
Uganda Butaleja
9%
Uganda Butambala
9%
Uganda Buvuma
9%
Uganda Buyende
9%
Vietnam Cao Bang
9%
Zambia Copperbelt
9%
Vietnam Đak Lak
9%
Venezuela Delta Amacuro
9%
Uganda Dokolo
9%
Venezuela Falcón
9%
Uzbekistan Fergana
9%
Uganda Gomba
9%
Uganda Gulu
9%
Uganda Hoima
9%
The United States of America Howland Island
9%
Uganda Ibanda
9%
Uganda Iganga
9%
Uganda Isingiro
9%
Uganda Jinja
9%
The United States of America Johnston Atoll
9%
Uganda Kaabong
9%
Uganda Kabale
9%
Uganda Kabarole
9%
Uganda Kaberamaido
9%
Uganda Kalangala
9%
Uganda Kaliro
9%
Uganda Kalungu
9%
Uganda Kamuli
9%
Uganda Kamwenge
9%
Uganda Kanungu
9%
Uganda Kapchorwa
9%
Uzbekistan Karakalpakstan
9%
Uganda Kasese
9%
Uganda Katakwi
9%
Uganda Kayunga
9%
Uganda Kibaale
9%
Uganda Kiboga
9%
Uganda Kibuku
9%
The United States of America Kingman Reef
9%
Uganda Kiruhura
9%
Uganda Kiryandongo
9%
Uganda Kisoro
9%
Uganda Kitgum
9%
Uganda Koboko
9%
Uganda Kole
9%
Uganda Kotido
9%
Uganda Kumi
9%
Uganda Kween
9%
Uganda Kyankwanzi
9%
Uganda Kyegegwa
9%
Uganda Kyenjojo
9%
Uganda Lamwo
9%
Venezuela Lara
9%
Uganda Lira
9%
Zambia Luapula
9%
Uganda Luuka
9%
Uganda Luweero
9%
Uganda Lwengo
9%
Uganda Lyantonde
9%
Uganda Manafwa
9%
Uganda Maracha
9%
Uganda Masaka
9%
Uganda Masindi
9%
Uganda Mayuge
9%
Uganda Mbale
9%
Uganda Mbarara
9%
The United States of America Midway Islands
9%
Uganda Mitooma
9%
Uganda Mityana
9%
Uganda Moroto
9%
Uganda Moyo
9%
Uganda Mpigi
9%
Uganda Mubende
9%
Zambia Muchinga
9%
Uganda Mukono
9%
Uganda Nakaseke
9%
Uganda Nakasongola
9%
Uganda Namayingo
9%
Uganda Namutumba
9%
Uganda Napak
9%
The United States of America Navassa island
9%
Uganda Nebbi
9%
Uganda Ngora
9%
Uganda Ntoroko
9%
Uganda Nwoya
9%
Uganda Otuke
9%
Uganda Oyam
9%
Uganda Pader
9%
Uganda Pallisa
9%
United Kingdom Pitcairn Islands
9%
Venezuela Portuguesa
9%
Uganda Rakai
9%
Uganda Rubirizi
9%
Uganda Rukungiri
9%
Uganda Sembabule
9%
Uganda Serere
9%
The United States of America Serranilla Bank
9%
Uganda Sheema
9%
Uganda Sironko
9%
Uganda Soroti
9%
Uruguay Tacuarembó
9%
Yemen Taiz
9%
Uganda Tororo
9%
The United States of America Wake Island
9%
Uganda Wakiso
9%
Uganda Yumbe
9%
Uganda Zombo
9%
Venezuela Zulia
9%
Yemen Abyan
0%
Yemen Al Bayda
0%
Yemen Al Jawf
0%
Yemen Al Mahrah
0%
Yemen Al Mahwit
0%
Yemen Amanat Al Asimah
0%
Yemen 'Amran
0%
Uzbekistan Andijan
0%
Vietnam An Giang
0%
Venezuela Apure
0%
Venezuela Aragua
0%
Uruguay Artigas
0%
Vietnam Bac Giang
0%
Vietnam Bac Kan
0%
Vietnam Bac Liêu
0%
Vietnam Bac Ninh
0%
The United States of America Bajo Nuevo Bank
0%
Vietnam Bà Ria-Vũng Tàu
0%
Venezuela Barinas
0%
Vietnam Bên Tre
0%
Vietnam Bình Đinh
0%
Vietnam Bình Duong
0%
Vietnam Bình Phuoc
0%
Vietnam Bình Thuân
0%
Venezuela Bolívar
0%
Zimbabwe Bulawayo
0%
Vietnam Cà Mau
0%
Uruguay Canelones
0%
Vietnam Cân Tho City
0%
Venezuela Carbobo
0%
Uruguay Cerro Largo
0%
Venezuela Cojedes
0%
Uruguay Colonia
0%
Vietnam Đak Nông
0%
Vietnam Đà Nang City
0%
Yemen Dhale
0%
Yemen Dhamar
0%
Vietnam Điên Biên
0%
Vietnam Đông Nai
0%
Vietnam Đông Tháp
0%
Uruguay Durazno
0%
Uruguay Flores
0%
Vietnam Gia Lai
0%
Venezuela Guárico
0%
Yemen Hadramaut
0%
Vietnam Hà Giang
0%
Vietnam Hai Duong
0%
Vietnam Hai Phòng City
0%
Yemen Hajjah
0%
Vietnam Hà Nam
0%
Vietnam Hà Nôi City
0%
Vietnam Hà Tĩnh
0%
Vietnam Hâu Giang
0%
Vietnam Hòa Bình
0%
Vietnam Hung Yên
0%
Yemen Ibb
0%
Uzbekistan Jizzakh
0%
Vietnam Khánh Hòa
0%
Vietnam Kiên Giang
0%
Vietnam Kon Tum
0%
Venezuela La Guaira
0%
Yemen Lahij
0%
Vietnam Lai Châu
0%
Vietnam Lâm Đông
0%
Vietnam Lang Son
0%
Vietnam Lào Cai
0%
Uruguay Lavalleja
0%
Vietnam Long An
0%
Vanuatu Malampa
0%
Uruguay Maldonado
0%
Zimbabwe Manicaland
0%
Yemen Ma'rib
0%
Zimbabwe Mashonaland Central
0%
Zimbabwe Mashonaland East
0%
Zimbabwe Mashonaland West
0%
Zimbabwe Masvingo
0%
Zimbabwe Matabeleland North
0%
Zimbabwe Matabeleland South
0%
Venezuela Mérida
0%
Venezuela Miranda
0%
Venezuela Monagas
0%
Uganda Nakapirpirit
0%
Uzbekistan Namangan
0%
Vietnam Nam Đinh
0%
Uzbekistan Navoiy
0%
Vietnam Nghê An
0%
Vietnam Ninh Bình
0%
Vietnam Ninh Thuân
0%
Uganda Nutngamo
0%
Uruguay Paysandú
0%
Vanuatu Penama
0%
Vietnam Phú Tho
0%
Vietnam Phú Yên
0%
Uzbekistan Qashqadaryo
0%
Vietnam Quang Bình
0%
Vietnam Quang Nam
0%
Vietnam Quang Ngãi
0%
Vietnam Quang Ninh
0%
Vietnam Quang Tri
0%
Yemen Raymah
0%
Uruguay Río Negro
0%
Uruguay Rivera
0%
Uruguay Rocha
0%
Yemen Sa'dah
0%
United Kingdom Saint Helena, Ascension and Tristan de Cunha
0%
Uruguay Salto
0%
Uzbekistan Samarqand
0%
Uruguay San José
0%
Vanuatu Sanma
0%
Yemen Shabwah
0%
Vanuatu Shefa
0%
Uzbekistan Sirdaryo
0%
Yemen Socotra
0%
Vietnam Sóc Trăng
0%
Vietnam Son La
0%
Uruguay Soriano
0%
United Kingdom South Georgia and the South Sandwich Islands
0%
Venezuela Sucre
0%
Uzbekistan Surxondaryo
0%
Venezuela Táchira
0%
Vanuatu Tafea
0%
Uzbekistan Tashkent City
0%
Uzbekistan Tashkent Region
0%
Vietnam Tây Ninh
0%
Vietnam Thái Bình
0%
Vietnam Thái Nguyên
0%
Vietnam Thanh Hóa
0%
Vietnam Thùa Thiên-Huê
0%
Vietnam Tiên Giang
0%
Vanuatu Torba
0%
Vietnam Trà Vinh
0%
Uruguay Treinta y Tres
0%
Venezuela Trujillo
0%
United Kingdom Turks and Caicos Islands
0%
Vietnam Tuyên Quang
0%
Vietnam Vĩnh Long
0%
Vietnam Vĩnh Phúc
0%
Uzbekistan Xorazm
0%
Venezuela Yaracuy
0%
Vietnam Yên Bái
0%
No matching quizzes found
Score Distribution
Percent of People with Each Score
Percentile by Number Answered
Your Score History
You have not taken this quiz